00613nam a2200181Ia 4500003000500000005001700005008004100022020003300063040001400096082001600110100002300126245001500149260004100164300004200205942005400247999001900301952011100320322820240521111519.0220630s9999 xx 000 0 und d a978 1 86928 436 7qPaperback aRDAc3228 aSWA KF BLOC aBloch, Carole9506 0aUngakhona? aGlosderry:bNew Africa Books;c2005. a15 PagesbColour illustrationsc15 cm cBK2ddcw162xElsie Malulekey162zElsie Maluleke c764082d764081 00102ddc4070aLYDELbSABILcFICd2024-05-21l0oSWA KF BLOCp33228031107267r2024-05-21w2024-05-21yBK